000 00830nam a2200241 a 4500
001 74247
003 BD-RjUL
005 20211209082524.0
008 180412s2012 bg a b 001 0 eng
020 _a9789848882252
_c: Tk. 280.00
035 _a(BD-RjUL)74465
040 _aDLC
_beng
_erda
_cDLC
_dBD-RjUL
041 _aeng
082 _223
_a320.9549205
_bKAR 2012
100 1 _aKabir, Nurul
_9221147
245 1 4 _aThe Red Moulana :
_ban essay on Bhashani's ever-oppositional democratic spirit /
_cNurul Kabir.
260 _aDhaka :
_bSamhati Publications,
_c2012
300 _a124 pages :
_billustrations ;
_c22 cm
504 _aIncludes bibliographical references (pages 112-120) and index.
600 1 0 _aBhashani, Abdul Hamid Khan.
_9142850
651 0 _aBangladesh
_xPolitics and government
_y1971-
_9221148
942 _2ddc
_cBK
999 _c74247
_d74247